Margo Robbie: Highest Rated Movies - Statistics

General Stats
  • This quiz has been taken 11 times
  • The average score is 3 of 5
Answer Stats
Tomatometer Score Answer % Correct
88% Barbie
90%
86% Once Upon a Time... in Hollywood
70%
79% The Wolf of Wall Street
70%
90% The Suicide Squad
60%
90% I, Tonya
40%
No matching quizzes found
Score Distribution
Percent of People with Each Score
Percentile by Number Answered
Your Score History
You have not taken this quiz